000 00654nam a2200241Ia 4500
003 OSt
005 20220926032320.0
006 a|||||r|||| 00| 0
007 ta
008 220923b |||||||| |||| 00| 0 eng d
037 _cGeneral Book
040 _aRTL
_cRTL
_beng
041 _2eng
_aeng
082 _aB316, M2
100 _aRucker Rudy
_9337244
245 0 _aInfinity and the mind
_b The science and philosophy
260 _aSussex
_bHarvester
_c1982
300 _ax,342p
_ccm.
500 _aBibliography : P 329-38
650 _aAnalysis
942 _hB316, M2
_cGB
_2CC
999 _c654381
_d654381